| 000 | 00581nam a22001817a 4500 | ||
|---|---|---|---|
| 003 | OSt | ||
| 005 | 20251020090241.0 | ||
| 008 | 251020b |||||||| |||| 00| 0 eng d | ||
| 020 | _a978-971-009-247-5 | ||
| 040 |
_aDWCL - Main Lib _cOC |
||
| 082 | _aFil. 362 S159b 1984 | ||
| 100 | _aSala, Harold J. | ||
| 245 |
_aBoredom stress and burn out : _bPaano ko iha-handle? / _cHarold J. Sala |
||
| 260 |
_aManila, Philippines : _bOMF literature inc., _cc1984. |
||
| 300 |
_a108 pages : _b illustrations ; _c17cm. |
||
| 650 | _a1. Mental and Emotional | ||
| 942 |
_2ddc _cBK - FIL _kFil _n0 |
||
| 999 |
_c4939 _d4939 |
||